Les 10 capitales commençant par P les plus proches de Paris - Statistiques

Statistiques générales
  • Ce quiz a été pris 268 fois
  • Le résultat moyen est 5 sur 10
Statistiques - réponses
km capitale % Correct
884 Prague
91%
1610 Pristina
65%
8226 Pékin
61%
1493 Podgorica
59%
8673 Panama
53%
7357 Port-au-Prince
44%
4452 Praia
43%
4715 Porto-Novo
41%
7199 Paramaribo
35%
7224 Port-d'Espagne
31%
Aucun quiz correspondant
Distribution des résultats
% des personnes avec chaque résultat
Percentile par nombre de réponses
Votre historique - résultats
Vous n’avez pas pris ce quiz